[Event "Festival Mulhouse MIF"]
[Site "Mulhouse"]
[Date "2012.07.02"]
[Round "1.1"]
[White "Nikolova, Adriana"]
[Black "Richard, Emma"]
[Result "0-1"]
[WhiteElo "2345"]
[BlackElo "2048"]
[PlyCount "100"]
[EventDate "2012.07.02"]

1. e4 c5 2. Nf3 Nc6 3. c3 d6 4. d4 Nf6 5. d5 Nb8 6. h3 g6 7. Bd3 Bg7 8. O-O O-O
9. c4 e6 10. Nc3 exd5 11. cxd5 a6 12. a4 Nbd7 13. Bf4 Qc7 14. Nd2 b6 15. Re1
Nh5 16. Bh2 Be5 17. g3 Bd4 18. Kg2 Ng7 19. f4 f5 20. exf5 gxf5 21. Be2 Re8 22.
Bf3 Bb7 23. Rxe8+ Rxe8 24. Nc4 Bxc3 25. bxc3 b5 26. axb5 axb5 27. Na5 Nf6 28.
Qd3 Ra8 29. Qxb5 Bxd5 30. Bxd5+ Nxd5 31. Bg1 Qf7 32. Qc6 Re8 33. Qxd6 Nxc3 34.
Nc6 Re2+ 35. Kh1 Qh5 36. Ra8+ Ne8 37. Rxe8+ Rxe8 38. Ne5 Qxh3+ 39. Bh2 Qf1+ 40.
Bg1 Qh3+ 41. Bh2 Qh5 42. Qb6 Rxe5 43. Qb3+ Rd5 44. Qxc3 Qe2 45. Bg1 c4 46. Qb4
Rd2 47. Qb8+ Kf7 48. Qc7+ Kg6 49. Qc6+ Kh5 50. Qb7 Qe4+ 0-1

[Event "Festival Mulhouse MIF"]
[Site "Mulhouse"]
[Date "2012.07.02"]
[Round "1.4"]
[White "Fruteau, Sabine"]
[Black "Genova, Lyubka"]
[Result "0-1"]
[WhiteElo "2127"]
[BlackElo "2255"]
[PlyCount "34"]
[EventDate "2012.07.02"]

1. e4 c5 2. Nf3 e6 3. d4 cxd4 4. Nxd4 Nc6 5. Nxc6 bxc6 6. Bd3 Nf6 7. O-O d5 8.
Nd2 Qc7 9. f4 Bc5+ 10. Kh1 h5 11. Qe2 a5 12. c4 h4 13. Nb3 Ba7 14. e5 Nh5 15.
Be3 Ng3+ 16. hxg3 hxg3+ 17. Kg1 Qe7 0-1

[Event "Festival Mulhouse MIF"]
[Site "Mulhouse"]
[Date "2012.07.02"]
[Round "1.5"]
[White "Steil-Antoni, Fiona"]
[Black "Haussernot, Cecile"]
[Result "1-0"]
[WhiteElo "2142"]
[BlackElo "2088"]
[PlyCount "83"]
[EventDate "2012.07.02"]

1. e4 c5 2. Nf3 d6 3. c3 Nf6 4. Bd3 Nc6 5. Bc2 Bg4 6. d3 e6 7. Nbd2 Be7 8. Nf1
O-O 9. h3 Bxf3 10. Qxf3 d5 11. Ng3 d4 12. O-O Nd7 13. Qe2 Qc7 14. Nh5 Nf6 15.
Nxf6+ Bxf6 16. c4 Be7 17. f4 f5 18. e5 Rf7 19. Bd1 Kf8 20. Qf2 Ke8 21. Bf3 Kd7
22. Qc2 Rg8 23. Qa4 g5 24. a3 Rfg7 25. b4 cxb4 26. axb4 Bxb4 27. fxg5 Bc5 28.
Bf4 Kc8 29. Rfb1 Bb6 30. Rb5 a6 31. Rb2 Nd8 32. Rab1 Ba7 33. Bxb7+ Nxb7 34.
Qxa6 Qb8 35. Qxe6+ Kc7 36. Qd5 Kc8 37. Rxb7 Rxb7 38. Qxg8+ Kd7 39. Qf7+ Kc6 40.
Qd5+ Kc7 41. e6+ Kc8 42. Qc6+ 1-0

[Event "Festival Mulhouse MIF"]
[Site "Mulhouse"]
[Date "2012.07.03"]
[Round "2.2"]
[White "Genova, Lyubka"]
[Black "Steil-Antoni, Fiona"]
[Result "1/2-1/2"]
[WhiteElo "2255"]
[BlackElo "2142"]
[PlyCount "51"]
[EventDate "2012.07.02"]

1. e4 e5 2. Nf3 Nc6 3. d4 exd4 4. Nxd4 Nf6 5. Nc3 Bb4 6. Nxc6 bxc6 7. Bd3 d5 8.
exd5 cxd5 9. O-O O-O 10. Bg5 c6 11. Qf3 h6 12. Bxf6 Qxf6 13. Qxf6 gxf6 14. Ne2
Rb8 15. h3 Bd6 16. Rab1 Rb6 17. Ng3 Be5 18. b3 Kh8 19. f4 Bc7 20. Rbe1 Rg8 21.
Kh2 Rb4 22. Nh5 Bd8 23. Rf3 c5 24. Rfe3 Rb6 25. g3 Bd7 26. R3e2 1/2-1/2

[Event "Festival Mulhouse MIF"]
[Site "Mulhouse"]
[Date "2012.07.03"]
[Round "2.3"]
[White "Lam, Sophie"]
[Black "Fruteau, Sabine"]
[Result "0-1"]
[WhiteElo "2055"]
[BlackElo "2127"]
[PlyCount "54"]
[EventDate "2012.07.02"]

1. e4 e5 2. Nf3 Nc6 3. Bb5 a6 4. Ba4 Nf6 5. O-O Be7 6. Re1 b5 7. Bb3 d6 8. h3
O-O 9. c3 Na5 10. Bc2 c5 11. d4 cxd4 12. cxd4 Nc6 13. Nc3 Bd7 14. Nd5 Nxd5 15.
exd5 Nxd4 16. Nxd4 exd4 17. Qxd4 Bf6 18. Qb4 Qc7 19. Bd3 a5 20. Qb3 a4 21. Qb4
a3 22. Rb1 Ra4 23. Qb3 Qa5 24. bxa3 Qxe1+ 25. Kh2 Qxf2 26. Bb2 Rh4 27. Bf1
Rxh3+ 0-1

[Event "Festival Mulhouse MIF"]
[Site "Mulhouse"]
[Date "2012.07.03"]
[Round "2.4"]
[White "Choisy, Mathilde"]
[Black "Neuhauser, Salome"]
[Result "1-0"]
[WhiteElo "2205"]
[BlackElo "2069"]
[PlyCount "73"]
[EventDate "2012.07.02"]

1. e4 c5 2. b3 Nc6 3. Bb2 d6 4. f4 Nf6 5. Nc3 Bg4 6. Be2 Bxe2 7. Qxe2 e6 8. Nf3
Be7 9. O-O-O Qa5 10. Kb1 a6 11. d4 cxd4 12. Nxd4 O-O 13. Nxc6 bxc6 14. g4 Rfd8
15. g5 Ne8 16. Rd3 d5 17. exd5 cxd5 18. Rh3 g6 19. f5 d4 20. fxe6 f5 21. gxf6
Nxf6 22. Ne4 Qd5 23. Nxf6+ Bxf6 24. Rf1 Rf8 25. Rhf3 Bg7 26. Rxf8+ Rxf8 27.
Rxf8+ Kxf8 28. Qf1+ Qf5 29. Qxa6 Be5 30. Qc8+ Kg7 31. Qd7+ Kh6 32. Bc1+ Bf4 33.
Bxf4+ Qxf4 34. e7 Qf1+ 35. Kb2 Qf6 36. e8=Q d3+ 37. Ka3 1-0

[Event "Festival Mulhouse MIF"]
[Site "Mulhouse"]
[Date "2012.07.03"]
[Round "2.5"]
[White "Nikolova, Adriana"]
[Black "Frey, Alisa"]
[Result "1/2-1/2"]
[WhiteElo "2345"]
[BlackElo "2033"]
[PlyCount "97"]
[EventDate "2012.07.02"]

1. e4 e5 2. Nf3 Nc6 3. Nc3 Nf6 4. Bb5 Bb4 5. O-O O-O 6. d3 d6 7. Bg5 Bxc3 8.
bxc3 Ne7 9. Nh4 Ne8 10. d4 h6 11. Be3 Nf6 12. Qf3 c6 13. Bd3 Kh7 14. h3 Ng6 15.
Nf5 d5 16. exd5 Qxd5 17. Qxd5 Nxd5 18. Bd2 Ndf4 19. Be4 Bxf5 20. Bxf5 Ne2+ 21.
Kh2 exd4 22. c4 Kg8 23. Rab1 b6 24. Rbe1 Nc3 25. Bxc3 dxc3 26. Re3 Rad8 27.
Rxc3 Rfe8 28. a4 Re5 29. g4 Nf4 30. Re3 Rxe3 31. fxe3 Rd2+ 32. Kg3 Ne6 33. a5
Nc5 34. axb6 axb6 35. Rf2 Rd8 36. Kf3 g6 37. Be4 Rd6 38. Bd3 Nxd3 39. cxd3 Rxd3
40. Ke4 Rd6 41. Rb2 c5 42. h4 Kg7 43. Rb1 Kf6 44. Rf1+ Ke7 45. Ra1 Re6+ 46. Kf4
Rf6+ 47. Ke4 Re6+ 48. Kf4 Rf6+ 49. Ke4 1/2-1/2

[Event "Festival Mulhouse MIF"]
[Site "Mulhouse"]
[Date "2012.07.03"]
[Round "3.1"]
[White "Frey, Alisa"]
[Black "Richard, Emma"]
[Result "0-1"]
[WhiteElo "2033"]
[BlackElo "2048"]
[PlyCount "80"]
[EventDate "2012.07.02"]

1. e4 c5 2. Nf3 Nc6 3. d4 cxd4 4. Nxd4 e5 5. Nb5 d6 6. N1c3 a6 7. Na3 Be7 8.
Nc4 b5 9. Ne3 Nf6 10. g3 O-O 11. Bg2 h5 12. Ncd5 g6 13. Bd2 Be6 14. Bc3 Rc8 15.
Qd2 Kg7 16. f4 Ng4 17. O-O b4 18. Nxb4 Nxb4 19. Nxg4 hxg4 20. Bxb4 Qb6+ 21. Kh1
Rh8 22. Rf2 exf4 23. Rxf4 Bg5 24. Bc3+ f6 25. Qf2 Qd8 26. Rd1 Qe7 27. e5 dxe5
28. Rb4 Rcd8 29. Re1 Rd7 30. Rb6 a5 31. Bxa5 Bd5 32. Bc3 Rhd8 33. a4 Bxg2+ 34.
Kxg2 Bd2 35. Rd1 Bxc3 36. Rxd7 Rxd7 37. bxc3 Qd8 38. Qe3 Qa8+ 39. Kf2 Qh1 40.
Qe1 Qf3+ 0-1

[Event "Festival Mulhouse MIF"]
[Site "Mulhouse"]
[Date "2012.07.03"]
[Round "3.2"]
[White "Neuhauser, Salome"]
[Black "Nikolova, Adriana"]
[Result "0-1"]
[WhiteElo "2069"]
[BlackElo "2345"]
[PlyCount "102"]
[EventDate "2012.07.02"]

1. e4 c5 2. Nf3 Nc6 3. Bb5 d6 4. O-O Bd7 5. c3 Nf6 6. Re1 a6 7. Bf1 Bg4 8. d3
e6 9. Nbd2 Be7 10. Nb3 b5 11. d4 c4 12. Nbd2 d5 13. e5 Nd7 14. Be2 O-O 15. Nf1
f6 16. exf6 Bxf6 17. Ne3 Bh5 18. g3 b4 19. Ng2 a5 20. Nf4 Bf7 21. Bf1 Re8 22.
Bg2 bxc3 23. bxc3 a4 24. Ba3 Qa5 25. Re3 Rad8 26. Bd6 e5 27. Nxe5 Ndxe5 28.
Bxe5 Bxe5 29. dxe5 Rxe5 30. Rxe5 Nxe5 31. Qd4 Nc6 32. Qd2 Qc5 33. Rd1 Ne7 34.
Qe2 Qd6 35. Qe3 a3 36. Qa7 h6 37. Ne2 Bh5 38. Re1 Nc6 39. Qa4 Re8 40. Qb5 Rxe2
41. Rxe2 Bxe2 42. Qxd5+ Qxd5 43. Bxd5+ Kf8 44. Bxc6 Bd3 (44... Bd1) 45. Bd5 Ke7
46. f3 Kd6 47. Be4 Bxe4 48. fxe4 Ke5 49. Kf2 Kxe4 50. Ke2 h5 51. h3 g5 0-1

[Event "Festival Mulhouse MIF"]
[Site "Mulhouse"]
[Date "2012.07.03"]
[Round "3.3"]
[White "Fruteau, Sabine"]
[Black "Choisy, Mathilde"]
[Result "1-0"]
[WhiteElo "2127"]
[BlackElo "2205"]
[PlyCount "41"]
[EventDate "2012.07.02"]

1. e4 c5 2. Nf3 e6 3. d4 cxd4 4. Nxd4 Nc6 5. Be2 Nf6 6. Nc3 a6 7. O-O Qc7 8.
Be3 Bb4 9. Nxc6 bxc6 10. Na4 Be7 11. Nb6 Rb8 12. Nxc8 Qxc8 13. Qd4 O-O 14. Bg5
Rb4 15. Qd3 Rxb2 16. e5 Nd5 17. Bxe7 Nxe7 18. Qa3 Qb8 19. Qxe7 Qxe5 20. Bd3 d6
21. Bxh7+ 1-0

[Event "Festival Mulhouse MIF"]
[Site "Mulhouse"]
[Date "2012.07.03"]
[Round "3.4"]
[White "Steil-Antoni, Fiona"]
[Black "Lam, Sophie"]
[Result "1-0"]
[WhiteElo "2142"]
[BlackElo "2055"]
[PlyCount "75"]
[EventDate "2012.07.02"]

1. e4 c5 2. Nc3 Nc6 3. f4 g6 4. Nf3 Bg7 5. Bb5 Nd4 6. O-O Nxb5 7. Nxb5 d6 8. d3
Bd7 9. Nc3 Bc6 10. Qe1 Nf6 11. f5 Ng4 12. Qh4 Ne5 13. Bh6 Nxf3+ 14. Rxf3 Bf6
15. Qh3 Qb6 16. Raf1 Qxb2 17. Nd1 Qd4+ 18. Kh1 O-O-O 19. Ne3 Kb8 20. Ng4 Bg7
21. f6 Bxh6 22. Nxh6 exf6 23. Nxf7 f5 24. Nxd8 Rxd8 25. Qh4 Rd7 26. Rf4 fxe4
27. dxe4 Kc7 28. Qe1 b6 29. Qf2 Qe5 30. Re1 Re7 31. Rf7 Bxe4 32. Rxe7+ Qxe7 33.
c4 Qe5 34. Qh4 Bxg2+ 35. Kxg2 Qb2+ 36. Qf2 Qg7 37. Qe3 Kd7 38. Qe6+ 1-0

[Event "Festival Mulhouse MIF"]
[Site "Mulhouse"]
[Date "2012.07.04"]
[Round "4.1"]
[White "Richard, Emma"]
[Black "Genova, Lyubka"]
[Result "1/2-1/2"]
[WhiteElo "2048"]
[BlackElo "2255"]
[PlyCount "73"]
[EventDate "2012.07.02"]

1. e4 c5 2. Nf3 e6 3. c3 Nf6 4. d3 d6 5. Be2 Nc6 6. O-O g6 7. Re1 Bg7 8. Nbd2
O-O 9. Nf1 e5 10. Ng3 Re8 11. Be3 b6 12. Qc1 d5 13. Bg5 Bb7 14. h4 Qd6 15. h5
Nd8 16. hxg6 hxg6 17. Bd1 Nh7 18. Bh6 Bh8 19. Ba4 Bc6 20. Bxc6 Nxc6 21. Qd1
Rad8 22. Nh4 dxe4 23. Nxe4 Qxd3 24. Qg4 Qd7 25. Qg3 Ne7 26. Bg5 Nxg5 27. Qxg5
Qe6 28. Rad1 Bg7 29. Qg3 f5 30. Ng5 Qf6 31. Nhf3 e4 32. Qh4 Rxd1 33. Rxd1 exf3
34. Qc4+ Kh8 35. Qh4+ Kg8 36. Qc4+ Kh8 37. Qh4+ 1/2-1/2

[Event "Festival Mulhouse MIF"]
[Site "Mulhouse"]
[Date "2012.07.04"]
[Round "4.2"]
[White "Lam, Sophie"]
[Black "Haussernot, Cecile"]
[Result "1-0"]
[WhiteElo "2055"]
[BlackElo "2088"]
[PlyCount "55"]
[EventDate "2012.07.02"]

1. e4 c5 2. Nf3 d6 3. d4 cxd4 4. Nxd4 Nf6 5. Nc3 a6 6. Be2 e5 7. Nb3 Be7 8. O-O
O-O 9. Kh1 b6 10. f4 exf4 11. Bxf4 Bb7 12. Bf3 Qc7 13. Nd4 Nc6 14. Nf5 Ne5 15.
Qd4 Rfe8 16. Rad1 Rad8 17. Bg5 d5 18. Nxe7+ Rxe7 19. Bxf6 gxf6 20. exd5 Ree8
21. d6 Qd7 22. Bxb7 Qxb7 23. Ne4 Re6 24. Nxf6+ Kg7 25. Qh4 Rh8 26. Qg5+ Ng6 27.
d7 Qa8 28. Nh5+ 1-0

[Event "Festival Mulhouse MIF"]
[Site "Mulhouse"]
[Date "2012.07.05"]
[Round "5.2"]
[White "Fruteau, Sabine"]
[Black "Frey, Alisa"]
[Result "0-1"]
[WhiteElo "2127"]
[BlackElo "2033"]
[PlyCount "96"]
[EventDate "2012.07.02"]

1. e4 e5 2. Nf3 Nc6 3. Bb5 a6 4. Ba4 Nf6 5. O-O Be7 6. Bxc6 dxc6 7. d3 Nd7 8.
Nbd2 f6 9. Nc4 b6 10. d4 Bd6 11. dxe5 Nxe5 12. Ncxe5 fxe5 13. Bg5 Qd7 14. Qd3
O-O 15. Rad1 Qe8 16. Bh4 Bg4 17. Bg3 Kh8 18. Qc3 c5 19. Rd3 Rf6 20. Re1 Re6 21.
Nd2 b5 22. Nf1 a5 23. Qd2 Rg6 24. c4 bxc4 25. Ra3 Qb5 26. Ne3 Be6 27. Nd5 h6
28. Rc1 Kh7 29. h4 a4 30. Qc2 Qe8 31. Qc3 Bf7 32. Ne3 Qc6 33. Qc2 c3 34. Rxc3
Bxa2 35. Nc4 Bb3 36. Qe2 Qb5 37. Qd2 Re8 38. Ne3 Qb4 39. Qd3 Bg8 40. Nd5 Qd4
41. Qxd4 exd4 42. Ra3 Rxe4 43. Nxc7 Rxg3 44. fxg3 Bxc7 45. Rxa4 Bxg3 46. Ra3
Re1+ 47. Rxe1 Bxe1 48. g3 Bc4 0-1

[Event "Festival Mulhouse MIF"]
[Site "Mulhouse"]
[Date "2012.07.05"]
[Round "5.3"]
[White "Steil-Antoni, Fiona"]
[Black "Nikolova, Adriana"]
[Result "1/2-1/2"]
[WhiteElo "2142"]
[BlackElo "2345"]
[PlyCount "107"]
[EventDate "2012.07.02"]

1. e4 c5 2. Nf3 d6 3. c3 Nf6 4. h3 Nbd7 5. Bd3 Ne5 6. Bc2 Nxf3+ 7. Qxf3 e5 8.
O-O Be7 9. d4 cxd4 10. cxd4 exd4 11. Qd3 Qc7 12. Na3 a6 13. Bf4 b5 14. Rad1 Be6
15. Qxd4 Rd8 16. Bb1 Qc5 17. Qd2 O-O 18. Rfe1 Qh5 19. Qe2 Qxe2 20. Rxe2 b4 21.
Nc2 b3 22. axb3 Bxb3 23. Re3 Bc4 24. Nd4 Nh5 25. Bh2 Rd7 26. g4 Nf6 27. Nf5
Rfd8 28. Nxe7+ Rxe7 29. Rxd6 Rde8 30. f3 Rb7 31. Rd2 h6 32. Rc3 Bb3 33. Rcd3 a5
34. Rd8 Rbe7 35. Rxe8+ Rxe8 36. Bc7 a4 37. Rd8 Rxd8 38. Bxd8 Nd7 39. Bc7 Nc5
40. Kf2 g5 41. Ke3 f6 42. Bd6 Nd7 43. f4 Nb6 44. Bd3 Nc4+ 45. Bxc4+ Bxc4 46.
Kf3 Kf7 47. h4 Bb3 48. Bc7 Bd1+ 49. Kg3 Bc2 50. e5 gxf4+ 51. Kxf4 fxe5+ 52.
Bxe5 h5 53. gxh5 Kg8 54. h6 1/2-1/2

[Event "Festival Mulhouse MIF"]
[Site "Mulhouse"]
[Date "2012.07.06"]
[Round "6.4"]
[White "Frey, Alisa"]
[Black "Steil-Antoni, Fiona"]
[Result "0-1"]
[WhiteElo "2033"]
[BlackElo "2142"]
[PlyCount "68"]
[EventDate "2012.07.02"]

1. e4 e6 2. d4 d5 3. Nc3 Bb4 4. e5 c5 5. a3 Bxc3+ 6. bxc3 Ne7 7. Qg4 Qc7 8.
Qxg7 Rg8 9. Qxh7 cxd4 10. Ne2 Nbc6 11. f4 Bd7 12. Qd3 dxc3 13. Rb1 O-O-O 14.
Nxc3 Na5 15. Nb5 Bxb5 16. Rxb5 Nc4 17. g3 a6 18. Rb3 Kb8 19. Bg2 Nf5 20. Ke2
Qc5 21. Rd1 Rg7 22. c3 Rh8 23. Rh1 Rxh2 24. Rxh2 Nxg3+ 25. Kf3 Ne4 26. Qd4 Rg3+
27. Ke2 Qxd4 28. Rxb7+ Kxb7 29. cxd4 Rc3 30. Bxe4 dxe4 31. Kd1 Kc6 32. Rh7 e3
33. Rxf7 Rxc1+ 34. Kxc1 e2 0-1

[Event "Festival Mulhouse MIF"]
[Site "Mulhouse"]
[Date "2012.07.06"]
[Round "7.2"]
[White "Steil-Antoni, Fiona"]
[Black "Neuhauser, Salome"]
[Result "1-0"]
[WhiteElo "2142"]
[BlackElo "2069"]
[PlyCount "61"]
[EventDate "2012.07.02"]

1. e4 c5 2. c3 g6 3. d4 cxd4 4. cxd4 d5 5. e5 Nc6 6. Nc3 Bg7 7. h3 Nh6 8. g4
O-O 9. Bg2 Be6 10. Be3 f6 11. exf6 exf6 12. Nge2 g5 13. Qd2 Re8 14. O-O Nf7 15.
Ng3 h6 16. Rac1 Nd6 17. b3 Ne7 18. f4 f5 19. fxg5 fxg4 20. hxg4 hxg5 21. Bxg5
Nf7 22. Bf6 Bxg4 23. Bxg7 Kxg7 24. Rxf7+ Kxf7 25. Qf4+ Bf5 26. Nxf5 Nxf5 27.
Qxf5+ Kg7 28. Nxd5 Rc8 29. Rf1 Rf8 30. Qe5+ Kh6 31. Nf6 1-0

[Event "Festival Mulhouse MIF"]
[Site "Mulhouse"]
[Date "2012.07.06"]
[Round "7.3"]
[White "Haussernot, Cecile"]
[Black "Frey, Alisa"]
[Result "1-0"]
[WhiteElo "2088"]
[BlackElo "2033"]
[PlyCount "117"]
[EventDate "2012.07.02"]

1. e4 e5 2. Nf3 Nc6 3. Bb5 a6 4. Ba4 Nf6 5. O-O Be7 6. Re1 b5 7. Bb3 d6 8. c3
O-O 9. h3 Na5 10. Bc2 c5 11. d4 Qc7 12. Nbd2 cxd4 13. cxd4 Nc6 14. d5 Nb4 15.
Bb1 a5 16. Nf1 Bd7 17. a3 Na6 18. Bd2 Nc5 19. Bc2 Rfc8 20. b4 axb4 21. axb4 Na4
22. Ne3 Nc3 23. Bxc3 Qxc3 24. Rb1 Ra3 25. Qe2 Bd8 26. Rec1 Bb6 27. Nd1 Qc7 28.
Ne1 h6 29. Qd2 Ra2 30. Qd3 Ra6 31. Qd2 Qa7 32. Bd3 Bd4 33. Rxc8+ Bxc8 34. Nc3
Bd7 35. Nc2 Bxc3 36. Qxc3 Nh5 37. Rc1 Nf4 38. Bf1 f5 39. g3 Ng6 40. exf5 Bxf5
41. Bxb5 Rb6 42. Bd3 e4 43. Ne3 exd3 44. Nxf5 Qb7 45. Qxd3 Ne5 46. Qc3 Kh7 47.
Rd1 g6 48. Nxd6 Rxd6 49. Qxe5 Qd7 50. Kg2 h5 51. h4 Qd8 52. b5 Qd7 53. Rd2 Kg8
54. Qf4 Kh7 55. Qc4 Qb7 56. Qc5 Qb8 57. Ra2 Rb6 58. Qe7+ Kh8 59. Ra7 1-0

[Event "Festival Mulhouse MIF"]
[Site "Mulhouse"]
[Date "2012.07.06"]
[Round "7.4"]
[White "Genova, Lyubka"]
[Black "Nikolova, Adriana"]
[Result "1-0"]
[WhiteElo "2255"]
[BlackElo "2345"]
[PlyCount "97"]
[EventDate "2012.07.02"]

1. e4 c5 2. Nf3 Nc6 3. d4 cxd4 4. Nxd4 Nf6 5. Nc3 d6 6. Bc4 e6 7. Bb3 Be7 8.
Be3 O-O 9. Qe2 Bd7 10. O-O-O Qb8 11. f3 Nxd4 12. Bxd4 b5 13. e5 dxe5 14. Bxe5
Qb7 15. a4 bxa4 16. Nxa4 Rac8 17. Kb1 Bb5 18. Qe3 Bc4 19. Bxc4 Rxc4 20. Rd4
Rfc8 21. Rxc4 Rxc4 22. Nc3 Rb4 23. Na2 Nd5 24. Qd2 Ra4 25. b3 Qb6 26. Bb2 Bf6
27. Rd1 Rc4 28. Qd3 Rc8 29. Bxf6 gxf6 30. Qd4 Rb8 31. g3 a5 32. f4 f5 33. Rd3
Qb7 34. h4 Ra8 35. h5 h6 36. g4 fxg4 37. f5 Ne7 38. Qxg4+ Kh7 39. fxe6 Rg8 40.
Qc4 fxe6 41. Qxe6 Rg7 42. Rd7 Qh1+ 43. Kb2 Qh4 44. Nc3 Kh8 45. Rd8+ Kh7 46. Ne4
Ng8 47. Rxg8 Rxg8 48. Nf6+ Kg7 49. Qe7+ 1-0

[Event "Festival Mulhouse MIF"]
[Site "Mulhouse"]
[Date "2012.07.06"]
[Round "7.5"]
[White "Lam, Sophie"]
[Black "Choisy, Mathilde"]
[Result "1/2-1/2"]
[WhiteElo "2055"]
[BlackElo "2205"]
[PlyCount "87"]
[EventDate "2012.07.02"]

1. e4 d6 2. d4 Nf6 3. Bd3 e5 4. c3 Nc6 5. Ne2 g6 6. O-O Bg7 7. d5 Nb8 8. c4
Nbd7 9. Nbc3 O-O 10. Bc2 a5 11. f3 Nc5 12. Be3 Nfd7 13. Nc1 f5 14. Nd3 Nxd3 15.
Bxd3 f4 16. Bf2 g5 17. Re1 Nf6 18. Kf1 g4 19. Ke2 gxf3+ 20. gxf3 Ng4 21. Bg1
Qh4 22. Kd2 Ne3 23. Qe2 Bh3 24. Bf2 Qh5 25. Rg1 Bg2 26. Bxe3 fxe3+ 27. Kc2 Bxf3
28. Qxe3 Kh8 29. Raf1 Bh6 30. Qe1 Qxh2+ 31. Rf2 Qh5 32. Be2 Bxe2 33. Rxe2 Bf4
34. Reg2 Rg8 35. Rxg8+ Rxg8 36. Rxg8+ Kxg8 37. Nb5 Qh2+ 38. Kb3 h5 39. Nxc7 h4
40. Qd1 Qg3+ 41. Ka4 h3 42. Qh5 h2 43. Ne6 Qg1 44. Qe8+ 1/2-1/2

[Event "Festival Mulhouse MIF"]
[Site "Mulhouse"]
[Date "2012.07.07"]
[Round "8.5"]
[White "Fruteau, Sabine"]
[Black "Steil-Antoni, Fiona"]
[Result "1/2-1/2"]
[WhiteElo "2127"]
[BlackElo "2142"]
[PlyCount "23"]
[EventDate "2012.07.02"]

1. e4 e5 2. Nf3 Nc6 3. Bb5 a6 4. Ba4 d6 5. c3 Bd7 6. d4 Nge7 7. O-O Ng6 8. Re1
Be7 9. Nbd2 h6 10. Nf1 Bg5 11. dxe5 dxe5 12. Bxc6 1/2-1/2

[Event "Festival Mulhouse MIF"]
[Site "Mulhouse"]
[Date "2012.07.08"]
[Round "9.4"]
[White "Lam, Sophie"]
[Black "Frey, Alisa"]
[Result "1-0"]
[WhiteElo "2055"]
[BlackElo "2033"]
[PlyCount "95"]
[EventDate "2012.07.02"]

1. e4 e5 2. Nf3 Nc6 3. Bb5 a6 4. Ba4 Nf6 5. O-O Be7 6. Re1 b5 7. Bb3 d6 8. h3
O-O 9. c3 Na5 10. Bc2 d5 11. Nxe5 dxe4 12. d4 c5 13. dxc5 Qc7 14. Ng4 Rd8 15.
Nxf6+ Bxf6 16. Qe2 Bb7 17. Nd2 Re8 18. Nf1 Nc4 19. Ne3 Qxc5 20. a4 Ne5 21. Ng4
Re6 22. Nxf6+ Rxf6 23. Bxe4 Bxe4 24. Qxe4 Qxf2+ 25. Kh1 Re8 26. axb5 axb5 27.
Be3 Qg3 28. Bd4 Rfe6 29. Bxe5 Qf2 30. Qe3 Qxe3 31. Rxe3 f6 32. Bd4 Rxe3 33.
Bxe3 Rxe3 34. Ra5 Re5 35. Kh2 h5 36. b3 Kf7 37. c4 bxc4 38. Rxe5 fxe5 39. bxc4
h4 40. g4 hxg3+ 41. Kxg3 Ke6 42. Kf3 Kd6 43. Ke4 Kc5 44. h4 Kxc4 45. h5 Kc3 46.
Kxe5 Kd3 47. Kf5 Ke3 48. Kg6 1-0

[Event "Festival Mulhouse MIF"]
[Site "Mulhouse"]
[Date "2012.07.08"]
[Round "9.5"]
[White "Choisy, Mathilde"]
[Black "Nikolova, Adriana"]
[Result "1-0"]
[WhiteElo "2205"]
[BlackElo "2345"]
[PlyCount "71"]
[EventDate "2012.07.02"]

1. e4 c5 2. b3 d6 3. Bb2 Nf6 4. Nc3 a6 5. a4 Nc6 6. f4 e6 7. Nf3 Be7 8. Qe2 Qc7
9. g3 b6 10. Bg2 Bb7 11. d3 Nd4 12. Nxd4 cxd4 13. Nd1 e5 14. O-O h5 15. h3 Nd7
16. c3 dxc3 17. Nxc3 Kf8 18. Rac1 Qd8 19. fxe5 dxe5 20. Nd5 Bc5+ 21. Kh2 Bxd5
22. exd5 Nf6 23. Kh1 Ng4 24. Rxc5 bxc5 25. hxg4 hxg4+ 26. Kg1 Qg5 27. Qxe5 Qh6
28. d6 Re8 29. Rxf7+ Kxf7 30. Bd5+ Re6 31. Bxe6+ Qxe6 32. Qxg7+ Ke8 33. Qxh8+
Kd7 34. Qg7+ Kc6 35. Qc7+ Kd5 36. Qb7+ 1-0